<?xml version="1.0" encoding="UTF-8"?>
<resp>
  <nextPage>https://data.bn.org.pl/api/networks/bibs.marcxml?marc=001+b00001150002909&amp;sinceId=1150002910</nextPage>
  <collection>
    <record xmlns='http://www.loc.gov/MARC21/slim'><leader>01258namZa2200361ZiZ4500</leader><controlfield tag='001'>b00001150002909</controlfield><controlfield tag='005'>20260401103609.3</controlfield><controlfield tag='008'>230609s        pl           |000 0 pol c</controlfield><controlfield tag='009'>9913261482205606</controlfield><datafield ind1=' ' ind2=' ' tag='020'><subfield code='a'>8371298358</subfield></datafield><datafield ind1=' ' ind2=' ' tag='035'><subfield code='a'>KR_1KR_1_20120317231225042050-48omnis_kr</subfield></datafield><datafield ind1=' ' ind2=' ' tag='035'><subfield code='a'>KR_1_20120317231225042050</subfield><subfield code='9'>ExL</subfield></datafield><datafield ind1=' ' ind2=' ' tag='035'><subfield code='a'>(PL)b00001150002909</subfield></datafield><datafield ind1=' ' ind2=' ' tag='040'><subfield code='a'>KR_1</subfield><subfield code='c'>KR_1</subfield></datafield><datafield ind1='0' ind2=' ' tag='041'><subfield code='a'>pol</subfield><subfield code='h'>fre</subfield></datafield><datafield ind1='0' ind2='0' tag='245'><subfield code='a'>Sawanny afrykańskie /</subfield><subfield code='c'>[z fr. przeł. Małgorzata i Izabella Szmurło].</subfield></datafield><datafield ind1=' ' ind2=' ' tag='260'><subfield code='a'>Warszawa :</subfield><subfield code='b'>&quot;Świat Książki&quot;,</subfield><subfield code='c'>[1997].</subfield></datafield><datafield ind1=' ' ind2=' ' tag='300'><subfield code='a'>166, [2] s. :</subfield><subfield code='b'>il. kolor., mapy ;</subfield><subfield code='c'>30 cm.</subfield></datafield><datafield ind1='1' ind2=' ' tag='490'><subfield code='a'>Encyklopedia Dzikich Zwierząt</subfield></datafield><datafield ind1=' ' ind2=' ' tag='500'><subfield code='a'>dd</subfield></datafield><datafield ind1=' ' ind2=' ' tag='504'><subfield code='a'>Indeks.</subfield></datafield><datafield ind1=' ' ind2='9' tag='650'><subfield code='a'>Sawanny</subfield><subfield code='x'>fauna</subfield><subfield code='z'>Afryka</subfield><subfield code='v'>wydawnictwa popularne</subfield></datafield><datafield ind1='1' ind2=' ' tag='700'><subfield code='a'>Szmurło, Małgorzata</subfield><subfield code='e'>Tł.</subfield></datafield><datafield ind1='1' ind2=' ' tag='700'><subfield code='a'>Szmurło, Izabela.</subfield><subfield code='e'>Tł.</subfield></datafield><datafield ind1=' ' ind2=' ' tag='852'><subfield code='b'>48OMNIS_NETWORK</subfield><subfield code='8'>9913261482205606</subfield></datafield><datafield ind1=' ' ind2=' ' tag='852'><subfield code='b'>48OMNIS_WBP</subfield><subfield code='8'>990000387640308414</subfield></datafield><datafield ind1=' ' ind2=' ' tag='852'><subfield code='b'>48OMNIS_KPS</subfield><subfield code='8'>990000306590208415</subfield></datafield><datafield ind1=' ' ind2=' ' tag='852'><subfield code='8'>22751760490008414</subfield><subfield code='j'>1</subfield><subfield code='b'>143WD</subfield><subfield code='p'>14301-100017207</subfield><subfield code='c'>DZW</subfield><subfield code='z'>Wariant wydania: [1997]</subfield></datafield><datafield ind1=' ' ind2=' ' tag='852'><subfield code='8'>22771945770008415</subfield><subfield code='j'>1</subfield><subfield code='b'>KP</subfield><subfield code='p'>000002068749</subfield><subfield code='c'>WG</subfield><subfield code='z'>59 DM MAG</subfield></datafield><datafield ind1=' ' ind2=' ' tag='920'><subfield code='a'>83-7129-835-8</subfield></datafield></record>
  </collection>
</resp>
